Analco /

Serie producida y dirigida por estudiantes de la carrera de Ciencias de la Comunicación del ITESO, que retoma una idea (la televisión callejera del título) surgida en la década de 1970 en Brasil y cuyo objetivo primordial es vincular la producción documental con barrios y comunidades del estado de J...

Descripció completa

Guardat en:
Dades bibliogràfiques
Autor principal: Domínguez Esquivel, Gustavo (coord. de la serie)
Altres autors: Mejía Lara, Afra Citlali (coordinación de la serie) (coordinación de la serie), Lorenzana Gutiérrez, Margarita (realización) (realización), Ramírez, Heliodoro (realización) (realización), Medrano Castrillón, Mauricio (realización) (realización), Gómez, Zaira (realización) (realización), Robles López, Juan Carlos (realización) (realización), Medrano Castrillón, Mauricio (fotógrafo) (fotógrafo), Pérez Plascencia, Luis Miguel (fotógrafo) (fotógrafo), Díaz, Ricardo (fotógrafo) (fotógrafo), Campos, Brenda (fotógrafo) (fotógrafo), Rosales, Mario (fotógrafo) (fotógrafo), Medina, Jesús (fotógrafo) (fotógrafo)
Format: Diapositiva
Idioma:espanyol
Col·lecció:(Televisión Callejera)
Matèries:
Etiquetes: Afegir etiqueta
Sense etiquetes, Sigues el primer a etiquetar aquest registre!

MARC

LEADER 00000ngm^a2200000^a^4500
001 000162314
005 20251020000000.0
009 20260310100829.515
037 |a Acervo ITESO - Biblioteca 
041 |a ESP 
082 |a 306. 4097235  |b DOM V. 2 
100 |a Domínguez Esquivel, Gustavo  |e (coord. de la serie) 
240 1 1 |a [Televisión callejera] 
245 1 0 |a Analco /  |c Coord. de la serie de G. Domínguez Esquivel, A.C. Mejía Lara. 
264 |a Guadalajara, México :  |b ITESO, Departamento de Estudios Socioculturales, Carrera de Ciencias de la Comunicación,  |c 2001 
300 |a 1 videocasete VHS  |c (21, 12, 12, 17, 10 min.) +  |e 4 tarjetas 
336 |a imagen móvil bidimensional  |b tdi  |2 rdacontenido 
337 |a video  |b v  |2 rdamedio 
338 |a videocasete  |b vf  |2 rdasoporte 
440 1 |a (Televisión Callejera) 
520 |a Serie producida y dirigida por estudiantes de la carrera de Ciencias de la Comunicación del ITESO, que retoma una idea (la televisión callejera del título) surgida en la década de 1970 en Brasil y cuyo objetivo primordial es vincular la producción documental con barrios y comunidades del estado de Jalisco que no tienen acceso o acceden de forma limitada a las dinámicas de producción audiovisual. Los propios vecinos de los distintos sectores sociales son vueltos partícipes, espectadores y actores de una realidad más familiar, a través de imágenes que intentan desmitificar la televisión comercial y apoyan la búsqueda de la propia identidad en el espejo del otro. Cada videograma abre con una presentación general de la serie, que dura 21 minutos aproximadamente, y comprende de tres a cuatro programas acerca de una comunidad, mismos que son acompañados por un igual número de tarjetas, que contienen las sinopsis y fichas técnicas respectivas. El volumen dedicado al barrio de Analco comienza con la producción Analco mecánico, que muestra uno de los oficios y actividades más representativas de esta comunidad ubicada en el oriente de Guadalajara, como son los talleres mecánicos. En TVecindad se recogen opiniones sobre algunos problemas presentes en el barrio (drogadicción, robo y prostitución) y son narradas las experiencias de ocho familias en una vecindad, con la participación de los niños residentes en este lugar como reporteros. Diversos personajes del barrio comparten su filosofía vital y comentarios de su vida cotidiana en Analco: barrio vivo. Finalmente, algunas víctimas rememoran los sucesos de las explosiones del 22 de abril de 1992 en Tierra herida. 
649 |a XX 
650 |a Talleres Mecánicos -  |z Guadalajara, Jalisco 
650 |a Talleres Mecánicos -  |z México 
650 |a Gremios y Oficios -  |z Guadalajara, Jalisco 
650 |a Gremios y Oficios -  |z México 
650 |a Ocupaciones (Economía) -  |z Guadalajara, Jalisco -  |x Tema Principal 
650 |a Ocupaciones (Economía) -  |z México 
650 |a Vida Cotidiana -  |z Guadalajara, Jalisco -  |x Tema Principal 
650 |a Vida Cotidiana -  |z México 
650 |a Prácticas Culturales -  |z Guadalajara, Jalisco 
650 |a Prácticas Culturales -  |z México 
650 |a Prostitución -  |z Guadalajara, Jalisco 
650 |a Prostitución -  |z México 
650 |a Drogadicción -  |z Guadalajara, Jalisco 
650 |a Drogadicción -  |z México 
650 |a Robo -  |z Guadalajara, Jalisco 
650 |a Robo -  |z México 
650 |a Explosiones en Guadalajara, 1992 -  |x Tema Principal 
650 |a Desastres -  |z Guadalajara, Jalisco 
650 |a Desastres -  |z México 
650 |a Problemas Sociales -  |z Guadalajara, Jalisco 
650 |a Problemas Sociales -  |z México 
650 |a Solidaridad 
650 |a Vecindades -  |z Guadalajara, Jalisco 
650 |a Vecindades -  |z México 
650 |a Barrios -  |z Guadalajara, Jalisco 
650 |a Barrios -  |z México 
650 |a Comunidad -  |z Guadalajara, Jalisco 
650 |a Comunidad -  |z México 
650 |a Cultura Popular -  |z Guadalajara, Jalisco 
650 |a Cultura Popular -  |z México 
650 |a Cultura Urbana -  |z Guadalajara, Jalisco -  |x Tema Principal 
650 |a Cultura Urbana -  |z México 
650 |a Guadalajara, Jalisco -  |x Condiciones Sociales y Culturales 
650 |a México -  |x Condiciones Sociales y Culturales 
650 |a Política -  |z Guadalajara, Jalisco -  |x Historia -  |y 1988-1994 
650 |a Política -  |z Guadalajara, Jalisco -  |x Historia -  |y Siglo XX 
650 |a Política -  |z México -  |x Historia -  |y 1988-1994 
650 |a Política -  |z México -  |x Historia -  |y Siglo XX 
650 |a Fotografía Jalisciense 
650 |a Fotografía Mexicana 
650 |a Televisión -  |z Guadalajara, Jalisco 
650 |a Televisión -  |z México 
650 |a Medios Audiovisuales -  |z Guadalajara, Jalisco 
650 |a Medios Audiovisuales -  |z México 
650 |a Educación y Promoción Popular -  |z Guadalajara, Jalisco 
650 |a Educación y Promoción Popular -  |z México 
650 |a Sociología Laboral 
650 |a Sociología de la Economía 
650 |a Sociología Urbana 
650 |a Sociología de la Cultura 
740 0 |a Analco mecánico /  |c Coord. de la serie de G. Domínguez Esquivel, A.C. Mejía Lara ; realización de M. Lorenzana Gutiérrez, H. Ramírez. 
740 0 |a TVecindad /  |c Coord. de la serie de G. Domínguez Esquivel, A.C. Mejía Lara ; realización de M. Medrano Castrillón, Z. Gómez. 
740 0 |a Analco :  |b barrio vivo /  |c Coord. de la serie de G. Domínguez Esquivel, A.C. Mejía Lara ; realización de J.C. Robles. 
740 0 |a Tierra herida /  |c Coord. de la serie de G. Domínguez Esquivel, A.C. Mejía Lara ; realización de P. Guzmán. 
700 |a Mejía Lara, Afra Citlali  |e (coordinación de la serie) 
700 |a Lorenzana Gutiérrez, Margarita  |e (realización) 
700 |a Ramírez, Heliodoro  |e (realización) 
700 |a Medrano Castrillón, Mauricio  |e (realización) 
700 |a Gómez, Zaira  |e (realización) 
700 |a Robles López, Juan Carlos  |e (realización) 
700 |a Medrano Castrillón, Mauricio  |e (fotógrafo) 
700 |a Pérez Plascencia, Luis Miguel  |e (fotógrafo) 
700 |a Díaz, Ricardo  |e (fotógrafo) 
700 |a Campos, Brenda  |e (fotógrafo) 
700 |a Rosales, Mario  |e (fotógrafo) 
700 |a Medina, Jesús  |e (fotógrafo) 
910 |a Fondo General 
920 |a Audiovisuales - Videocasetes 
905 |a 301 
901 |a 0500049485  |b IT2  |c VIS  |u 20250521 
901 |a 0500095262  |b IT2  |c MIN  |u 20251020 
901 |a 0500095265  |b IT2  |c MIN  |u 20251020 
901 |a 0500095268  |b IT2  |c MIN  |u 20251020 
901 |a 0500095271  |b IT2  |c MIN  |u 20251020 
902 |a https://opac.biblio.iteso.mx/vufind/Record/000162314